Essential Grammar in Use. A self-study reference and practice book for elementary students of English with Answers: Free pull-out grammar reference pocket guide

Bibliographic Details
Main Author: Murphy R. Raymond
Summary:Перепечатка издания 1997 г.
Language:English
Published: Cambridge, Cambridge University Press, 2000
Edition:2-nd ed
Subjects:
Format: Book
KOHA link:https://koha.lib.tpu.ru/cgi-bin/koha/opac-detail.pl?biblionumber=29280

MARC

LEADER 00000nam0a2200000 4500
001 29280
005 20231101205911.0
010 |a 0521559286 
035 |a (RuTPU)RU\TPU\book\29540 
035 |a BOOK00029615 
090 |a 29280 
100 |a 20011209d2000 m y0engy50 ba 
101 0 |a eng 
102 |a GB 
105 |a y j 000zy 
200 1 |a Essential Grammar in Use. A self-study reference and practice book for elementary students of English with Answers  |e Free pull-out grammar reference pocket guide  |f R. Murphy 
205 |a 2-nd ed 
210 |a Cambridge  |c Cambridge University Press  |d 2000 
215 |a 300 p. 
300 |a Перепечатка издания 1997 г. 
606 1 |a Английский язык  |x Учебные руководства и пособия для высшей школы  |x Пособия по грамматике  |2 stltpush  |3 (RuTPU)RU\TPU\subj\29073  |9 52485 
610 1 |a грамматика 
610 1 |a учебные пособия 
686 |a Ш143.21-923.2  |v LBC/SL-A  |2 rubbk 
700 1 |a Murphy  |b R.  |g Raymond 
801 0 |a GB  |b 63413507  |c 20011209  |g PSBO 
801 2 |a RU  |b 63413507  |c 20030829  |g PSBO 
801 2 |a RU  |b 63413507  |c 20210714  |g PSBO 
942 |c BK